Music Quiz

Random Music Quiz

SMAP Singles 1991-1999 Quiz Stats

 Plays Quiz not verified by Sporcle

Also try: Backwards Songs
Challenge
Share
Tweet
Embed
Score 0/30 Timer 20:00
0 Plays Today
Release Date Single % Correct
1996.11.18SHAKE
88.9%
1996.07.15Aoi Inazuma
77.8%
1997.05.14Celery
72.2%
1998.01.14Yozora no Mukou
72.2%
1991.09.09Can't Stop!!-LOVING-
61.1%
1993.11.11$10
61.1%
1994.06.06Original Smile
61.1%
1994.09.09Ganbarimashou
50%
1997.02.26Dynamite
50%
1997.09.26Peace!
50%
1992.03.18Kokoro no Kagami
44.4%
1992.11.11Egao no Genki
44.4%
1994.03.12Hey Hey Ooki ni Maido Ari
44.4%
1995.03.03KANSHA Shite
44.4%
1995.06.06Shiyou yo
44.4%
Release Date Single % Correct
1999.06.23Fly
44.4%
1998.05.08Taisetsu
38.9%
1995.09.09Donna Ii Koto
33.3%
1992.12.12Yuki ga Futtekita
27.8%
1993.06.06Hajimete no Natsu
27.8%
1993.09.09Kimi wa Kimi Dayo
27.8%
1994.01.01Kimi Iro Omoi
27.8%
1996.05.05Hadaka no Ousama
27.8%
1991.12.06Seigi no Mikata wa Ate ni Naranai
22.2%
1993.03.03Zutto Wasurenai
22.2%
1994.12.21Tabun Alright
22.2%
1992.07.08Makeru na Baby!~Never give up
16.7%
1995.11.11Oretachi ni Asu wa Aru
16.7%
1996.02.02Munasawagi o Tanomu Yo
16.7%
1999.01.27Asahi o Mi ni Ikou yo
11.1%

You're not logged in!

Compare scores with friends on all Sporcle quizzes.
OR
Log In

You Might Also Like...

Show Comments

Extras

Created May 9, 2012ReportNominate
Tags:date, release, single

Top Quizzes Today


Score Distribution

Your Account Isn't Verified!

In order to create a playlist on Sporcle, you need to verify the email address you used during registration. Go to your Sporcle Settings to finish the process.

Report this User

Report this user for behavior that violates our Community Guidelines.

Details: